| 000 | 00732nam a22002057a 4500 | ||
|---|---|---|---|
| 999 |
_c166404 _d166404 |
||
| 005 | 20191106111722.0 | ||
| 010 | _aENG-126048 | ||
| 020 |
_a978-93-86761-95-8 _c999.00 |
||
| 035 | _aEN-109580 | ||
| 037 | _bDBAD/PUB | ||
| 082 | _a330.9 | ||
| 245 |
_aTransforming Indian Economy : _bfrom vision to reality / _ced.by Yamini Gupt [and] Ananya Ghosh Dastidar |
||
| 260 |
_aNew Delhi _c2019 _bAne Books |
||
| 270 |
_a4821 Parwana Bhawan 1st Floor, 24 Ansari Road, Darya Ganj _bDelhi _e110006 _k011-23276843 _mkapoor@anebooks.com |
||
| 300 |
_a235p. _c24(Hb) |
||
| 500 | _aIncludes bibliographical references and index | ||
| 700 | _aGupt, Yamini | ||
| 700 | _aDastidar, Ananya Ghosh | ||
| 942 |
_2ddc _cEN _h330.9 _mTRA |
||